000
00307pab a2200133 454500
008
180718b2001 xxu||||| |||| 00| 0 eng d
100
_a
Butt, Muheet Ahmed
245
_a
Internet: a better way
260
_c
2001
300
_a
p.191-204
650
_a
Internet
773
_a
Business Review
909
_a
49706
999
_c
49706
_d
49706